Geografía de la república argentina : parte económica(rossi) /

Guardado en:
Autor Principal: Rossi, Floreal
Formato: Libro
Publicado: Buenos Aires : Stella, 1985
Edición:6a. ed.
Etiquetas: Agregar Etiqueta
Sin Etiquetas, Sea el primero en etiquetar este registro!
LEADER 00621nam a22001815a 4500
001 CEM.cems008743
005 20060214000000.0
008 130507s1985##################000#0#####d
003 CEMS
082 0 4 |a 330.982 
100 1 |a Rossi, Floreal 
245 1 0 |a Geografía de la república argentina :  |b parte económica(rossi) / 
250 |a 6a. ed. 
260 |a Buenos Aires :  |b Stella,  |c 1985 
300 |a 675 p.1 
859 |a CEMS  |b BIB. CEMS - 11 de abril  |h 330.982  |i R735a6  |p 14803.87  |t Ej.1 
859 |a CEMS  |b BIB. CEMS - 11 de abril  |h 330.982  |i R735a6  |p 14804.87  |t Ej.2 
859 |a CEMS  |b BIB. CEMS - 11 de abril  |h 330.982  |i R735a6  |p 14805.87  |t Ej.3